[Event "Manitou Springse ch-Colorado"]
[Site "Manitou"]
[Date "2013.04.??"]
[Round "?"]
[White "Chen, Jackson"]
[Black "Bekkedahl, Zachary"]
[Result "0-1"]
[WhiteElo "2092"]
[BlackElo "2092"]
[PlyCount "151"]
[EventDate "2013.04.19"]
[EventType "tourn"]
[EventRounds "5"]
[EventCountry "USA"]
[SourceTitle "EXT 2020"]
[Source "ChessBase"]
[SourceDate "2019.10.17"]
[SourceVersion "1"]
[SourceVersionDate "2019.10.17"]
[SourceQuality "1"]

1. e4 c5 2. Nf3 g6 3. d4 cxd4 4. Nxd4 Nc6 5. Nc3 Bg7 6. Be3 Nf6 7. Bc4 0-0 8. Bb3 a5 9. f3 d6 10. Qd2 Nxd4 11. Bxd4 Bd7 12. a4 Bc6 13. 0-0-0 Nd7 14. Bc4 Qc7 15. b3 Rfc8 16. Bxg7 Kxg7 17. Kb2 Rab8 18. Be2 Nf6 19. g4 h5 20. gxh5 Nxh5 21. Rhg1 e5 22. Qxd6 Qxd6 23. Rxd6 Nf4 24. Bb5 Bxb5 25. Nxb5 Rh8 26. Rd7 Rxh2 27. Nd6 Rf8 28. Rxb7 Ne2 29. Rf1 Nd4 30. Rc7 g5 31. Nb7 Rh3 32. Rc3 Ra8 33. Rf2 Kg6 34. Rd3 f5 35. exf5+ Kxf5 36. c3 Ne6 37. Re3 Nf8 38. Re4 Ra6 39. Rfe2 Ng6 40. R2e3 Rxf3 41. Rxf3+ Kxe4 42. Rf1 Ke3 43. Rg1 Kf4 44. Nc5 Rd6 45. Rxg5 Rc6 46. Rg1 Rxc5 47. Rxg6 e4 48. Re6 e3 49. c4 Rc8 50. Kc2 Rd8 51. c5 Kf3 52. c6 e2 53. c7 Rc8 54. Kd3 Rxc7 55. Rf6+ Kg4 56. Kxe2 Rc3 57. Rb6 Kf4 58. Rb5 Ke4 59. Kd2 Rh3 60. Kc2 Kd4 61. Rxa5 Rh2+ 62. Kb1 Kc3 63. Rb5 Rg2 64. a5 Rb2+ 65. Ka1 Rh2 66. Rb6 Rh5 67. a6 Ra5+ 68. Kb1 Ra3 69. b4 Ra4 70. b5 Kb4 71. Rb7 Kc5 72. a7 Rb4+ 73. Kc2 Rc4+ 74. Kd3 Ra4 75. b6 Kc6 76. Rb8 0-1

[Event "US op Barber 113th"]
[Site "Vancouver"]
[Date "2012.08.05"]
[Round "2"]
[White "He, Tommy O"]
[Black "Chen, Jackson"]
[Result "1-0"]
[WhiteElo "2203"]
[BlackElo "2065"]
[PlyCount "137"]
[EventDate "2012.08.04"]
[EventType "swiss"]
[EventRounds "9"]
[EventCountry "USA"]
[SourceTitle "CBM 149 Extra"]
[Source "ChessBase"]
[SourceDate "2012.08.24"]
[SourceVersion "1"]
[SourceVersionDate "2012.08.24"]
[SourceQuality "1"]

1. e4 e6 2. d4 d5 3. Nd2 Nf6 4. e5 Nfd7 5. Bd3 c5 6. c3 Nc6 7. Ne2 cxd4 8. cxd4 f6 9. exf6 Nxf6 10. Nf3 Bd6 11. 0-0 Qc7 12. a3 0-0 13. Nc3 a6 14. Bg5 Bd7 15. Re1 Rae8 16. Bc2 Bc8 17. Qd3 Qf7 18. Ne5 Qh5 19. f4 Nxe5 20. fxe5 Qxg5 21. exd6 g6 22. Re5 Qh4 23. h3 Rd8 24. Rf1 Rxd6 25. Ne2 Nh5 26. Rxf8+ Kxf8 27. Qd2 Kg7 28. Qe3 Rc6 29. Bb3 Nf6 30. Nf4 Kf7 31. g3 Qh6 32. g4 g5 33. Nd3 Ne4 34. Nb4 Rd6 35. Nxd5 exd5 36. Qxe4 Be6 37. Bxd5 Rxd5 38. Rxd5 Bxd5 39. Qxd5+ Ke8 40. Kg2 Qg6 41. Qe5+ Kd8 42. Qb8+ Ke7 43. Qxb7+ Kd8 44. Qb8+ Kd7 45. Qb7+ Kd8 46. Qd5+ Kc7 47. Qf5 Qc6+ 48. d5 Qc1 49. Qe5+ Kb7 50. Qe7+ Kb6 51. Qb4+ Ka7 52. Qd4+ Kb7 53. d6 Qc6+ 54. Kg3 Qh1 55. d7 Qe1+ 56. Kf3 Qf1+ 57. Ke4 Qf4+ 58. Kd3 Qf3+ 59. Kc2 Qe2+ 60. Qd2 Qe4+ 61. Qd3 Qxd3+ 62. Kxd3 Kc7 63. Kd4 Kxd7 64. b4 Kc6 65. a4 Kb6 66. Ke5 Kc6 67. Kf5 h6 68. Kg6 Kd5 69. b5 1-0